[Event "Uekermann Memorial 7th"]
[Site "Bad Meinberg"]
[Date "2003.11.21"]
[Round "2.3"]
[White "Pinnow, Manfred"]
[Black "Jagdhuber, Hans"]
[Result "0-1"]
[WhiteElo "1922"]
[BlackElo "1849"]
[PlyCount "106"]
[EventDate "2003.11.20"]
[EventType "team"]
[EventRounds "3"]
[EventCountry "GER"]
[SourceTitle "CBM 097 Extra"]
[Source "ChessBase"]
[SourceDate "2004.01.13"]
[SourceVersion "1"]
[SourceVersionDate "2004.01.13"]
[SourceQuality "1"]
[WhiteTeam "DBCB II"]
[BlackTeam "IBCA"]
[WhiteTeamCountry "GER"]

1. d4 Nf6 2. g3 g6 3. Bg2 Bg7 4. e4 d6 5. c3 0-0 6. Ne2 c6 7. Be3 Ng4 8. Bd2 Qb6 9. Qc1 e5 10. h3 Nf6 11. Be3 Qa6 12. Na3 Nbd7 13. Nc2 Re8 14. Nb4 Qa5 15. d5 c5 16. Nd3 c4 17. Nb4 Nc5 18. Bxc5 Qxc5 19. Nc2 Bd7 20. 0-0 b5 21. b4 cxb3 22. axb3 a5 23. Qe3 Qc8 24. Kh2 Qc7 25. Rfc1 Rec8 26. Ne1 Qd8 27. Rc2 b4 28. cxb4 axb4 29. Rxc8 Qxc8 30. Rxa8 Qxa8 31. Nc2 Qa5 32. Qd2 Qc5 33. Nc1 Bh6 34. f4 exf4 35. gxf4 Nh5 36. Nd3 Qc3 37. Qxc3 bxc3 38. Kg1 Bb5 39. Nde1 Nxf4 40. Bf1 Bxf1 41. Kxf1 Nxh3 42. b4 Kf8 43. b5 Ke8 44. b6 Kd8 45. Nd3 Kc8 46. e5 Nf4 47. Nxf4 Bxf4 48. e6 fxe6 49. dxe6 Bg5 50. Ke2 Kb7 51. Kd3 Kxb6 52. Kd4 Bf6+ 53. Kd5 Kc7 0-1